<?xml version="1.0" encoding="UTF-8"?>
<record
    xmlns:xsi="http://www.w3.org/2001/XMLSchema-instance"
    xsi:schemaLocation="http://www.loc.gov/MARC21/slim http://www.loc.gov/standards/marcxml/schema/MARC21slim.xsd"
    xmlns="http://www.loc.gov/MARC21/slim">

  <leader>02326njm a2200301Ia 4500</leader>
  <controlfield tag="001">40752</controlfield>
  <controlfield tag="003">IT-RoPAU</controlfield>
  <controlfield tag="005">20220918181120.0</controlfield>
  <controlfield tag="008">131025s9999    xx            000 0 und d</controlfield>
  <datafield tag="040" ind1=" " ind2=" ">
    <subfield code="a">IT-RoPAU</subfield>
  </datafield>
  <datafield tag="040" ind1=" " ind2=" ">
    <subfield code="c">IT-RoPAU</subfield>
  </datafield>
  <datafield tag="041" ind1=" " ind2=" ">
    <subfield code="a">ITALIANO</subfield>
  </datafield>
  <datafield tag="999" ind1=" " ind2=" ">
    <subfield code="c">99705</subfield>
    <subfield code="d">99705</subfield>
  </datafield>
  <datafield tag="999" ind1=" " ind2=" ">
    <subfield code="b">n.d.</subfield>
  </datafield>
  <datafield tag="100" ind1=" " ind2=" ">
    <subfield code="a">AA.VV.</subfield>
    <subfield code="9">794</subfield>
  </datafield>
  <datafield tag="100" ind1=" " ind2=" ">
    <subfield code="e">Autore musica</subfield>
    <subfield code="9">22283</subfield>
  </datafield>
  <datafield tag="100" ind1=" " ind2=" ">
    <subfield code="g">Codice autore musica SPICS: 12000</subfield>
    <subfield code="9">796</subfield>
  </datafield>
  <datafield tag="245" ind1=" " ind2=" ">
    <subfield code="a">Sanremo '87</subfield>
  </datafield>
  <datafield tag="250" ind1=" " ind2=" ">
    <subfield code="a">1a ed.</subfield>
  </datafield>
  <datafield tag="260" ind1=" " ind2=" ">
    <subfield code="a">MILANO</subfield>
  </datafield>
  <datafield tag="260" ind1=" " ind2=" ">
    <subfield code="b">RICORDI</subfield>
    <subfield code="c">1987 [1a Ed.:1987 - Ed. Lingua Orig.: 1987]</subfield>
  </datafield>
  <datafield tag="300" ind1=" " ind2=" ">
    <subfield code="a">DISCO</subfield>
  </datafield>
  <datafield tag="300" ind1=" " ind2=" ">
    <subfield code="c">134 minuti (Testo:  pag.)</subfield>
  </datafield>
  <datafield tag="500" ind1=" " ind2=" ">
    <subfield code="a">Canzone italiana. Festival di Sanremo 1987. Brani di autori vari.</subfield>
  </datafield>
  <datafield tag="505" ind1=" " ind2=" ">
    <subfield code="a">Dal cuore in poi [(Mango) (4:00)] - Pigramente signora [(Pravo Patty) (5:00)] - Tanti auguri [(Bella Marcella) (4:00)] - Straniero [(Miki) (4:00)] - Bolero [(Nada) (4:00)] - Dimmi che cos'&#xE8; [(Le Orme) (4:00)] - Canzone d'amore [(I Ricchi e Poveri) (4:00)] - Nel mio profondo fondo [(Bono Alessandro) (4:00)] - Cantare [(Mediterranea) (5:00)] - L'odore del mare [(De Crescenzo Eduardo) (5:00)] - In volo nel futuro [(Palazzolo Ricky) (4:00)] - Il sognatore [(Di Capri Peppino) (5:00)] - Stringimi le mani [(Deanesi Charley) (4:00)] - Vita mia [(Biolcati Lena) (5:00)] - Conta chi canta [(Marzotto Umberto) (4:00)] - Non cadere mai in ginocchio [(Berger) (4:00)] - Briciole di pane [(Future) (4:00)] - Come dentro un film [(Barbarossa Luca) (4:00)] - E non si finisce mai [(Ghezzi Dori) (5:00)] - L'esteta [(Scheriani Paolo) (4:00)] - Quello che le donne non dicono [(Mannoia Fiorella) (4:00)] - Ma che bella storia [(Teo) (4:00)] - Canto per te [(Fortunato Flavia) (5:00)] - La notte dei pensieri [(Zarrillo Michele) (5:00)] - Il Garibaldi innamorato [(Caputo Sergio) (4:00)] - Campi d'atterraggio [(Chiari e Forti) (5:00)] - Sinu&#xE8; [(Esposito Tony) (4:00)] - Warriors [(Of the Westland) (Frankie Goes To Hollywood) (4:00)] - Sometimes [(Erasure) (4:00)] - Will You Remember [(Eightwonder) (4:00)] - Walk Like An Egyptian [(Bangles) (4:00)] - Ask [(The Smiths) (3:00)] - In Your Arms [(I Just Died) (Cutting Crew) (5:00)] - How Many Lies? [(Spandau Ballet) (6:00)]</subfield>
  </datafield>
  <datafield tag="650" ind1=" " ind2=" ">
    <subfield code="a">CANZONE ITALIAN [DISCHI]</subfield>
    <subfield code="e">Codice MATERIA SPICS: 9950</subfield>
    <subfield code="9">22284</subfield>
  </datafield>
  <datafield tag="700" ind1=" " ind2=" ">
    <subfield code="a">AA.VV.</subfield>
    <subfield code="g">Codice autore SPICS: 12000</subfield>
    <subfield code="e">Autore</subfield>
    <subfield code="9">799</subfield>
  </datafield>
  <datafield tag="942" ind1=" " ind2=" ">
    <subfield code="c">MD</subfield>
    <subfield code="2">ddc</subfield>
  </datafield>
  <datafield tag="952" ind1=" " ind2=" ">
    <subfield code="0">0</subfield>
    <subfield code="1">0</subfield>
    <subfield code="4">0</subfield>
    <subfield code="6">40752_000000000000000</subfield>
    <subfield code="7">1</subfield>
    <subfield code="a">SPICS</subfield>
    <subfield code="b">SPICS</subfield>
    <subfield code="d">2013-10-25</subfield>
    <subfield code="l">0</subfield>
    <subfield code="o">40752</subfield>
    <subfield code="r">2013-10-25 00:00:00</subfield>
    <subfield code="w">2013-10-25</subfield>
    <subfield code="y">MD</subfield>
    <subfield code="z">Progr. Ins.: 14455 / N.Vol.: 2 / Copie: 1 - Copia rara: n.d. / date import: 01.01.2014 - By Epidotti, Trombetti, Vaglietti</subfield>
  </datafield>
</record>
